000
00291 a2200145 4500
001
166744
020
_a
040
_c
Magnum
100
_a
Fischer, Ernst
240
1
0
_a
A necessidade da arte
_l
por
245
1
0
_a
A necessidade da arte
362
0
_a
1899
697
_a
ARTES
942
_c
BK
999
_c
166744
_d
166744